000 00292nam a22001337a 4500
008 181031b xxu||||| |||| 00| 0 eng d
020 _a0029259401
041 _aeng
080 _a030
100 _a23
101 _aENC
245 _aEncyclopedia of Bioethics
_cReich,W.T
942 _2udc
_cBK
999 _c51312
_d51312